Statistics for Top 10 Countries For Cheese Consumption Per Capita

Click here to take the quiz!

General Stats

  • This quiz has been taken 452 times
  • The average score is 7 of 10

Answer Stats

Pounds per yearAnswer% Correct
57.9France
98%
48.0Italy
94%
53.2Germany
89%
48.0Switzerland
87%
51.5Greece
76%
42.7Netherlands
75%
49.5Finland
50%
53.2Luxembourg
50%
53.2Iceland
37%
45.8Estonia
33%

Score Distribution

Percentile by Number Answered

Percent of People with Each Score

Your Score History

You have not taken this quiz